Kpop Idol by Picture (2025) - Statistics

General Stats
  • This quiz has been taken 523 times
  • The average score is 12 of 16
Answer Stats
Picture Answer % Correct
Jungkook
95%
Bangchan
93%
Jisoo
91%
Nayeon
90%
Yeji
88%
Chaewon
87%
Yeonjun
80%
San
79%
Hanni
72%
Yuqi
72%
Jungwon
69%
NingNing
69%
Hoshi
67%
BamBam
66%
Yuri
53%
Chael
4%
No matching quizzes found
Score Distribution
Percent of People with Each Score
Percentile by Number Answered
Your Score History
You have not taken this quiz